Abbreviations - Statistics

General Stats
  • This quiz has been taken 39 times
  • The average score is 11 of 15
Answer Stats
Hint Answer % Correct
BF Boyfriend
94%
BFF Best Friend Forever
91%
GF Girlfriend
91%
TY Thank You
91%
ILY I Love You
86%
TBH To Be Honest
86%
FR For Real
83%
IDC I Don't Care
83%
GTG Got To Go
80%
WBU? What About You?
77%
TTYL Talk To You Later
66%
DYK Did You Know
57%
DILLIGAF Do I Look Like I Give A Freak
46%
BFFR Be Freaking For Real
26%
TNTL Try Not To Laugh
9%
No matching quizzes found
Score Distribution
Percent of People with Each Score
Percentile by Number Answered
Your Score History
You have not taken this quiz